Number the stars / (Registro nro. 10421)

Detalles MARC
000 -LIDER
fixed length control field 00488nam a22001937a 4500
001 - NÚMERO DE CONTROL
Identificador de número de control 0003641
003 - IDENTIFICACDOR DE NÚMERO DE CONTROL
control field DO-SdBNP
005 - DATE AND TIME OF LATEST TRANSACTION
control field 20160616152135.0
007 - CAMPOS FIJOS DE DESCRIPCIÓN FÍSICA
fixed length control field 0003641
008 - ELEMENTOS DE LONGITUD FIJA
fixed length control field 160616b 1989 nyu xxu||||| |||| 00| 0 spa d
020 ## - ISBN
International Standard Book Number 0440227534
040 ## - FUENTE DE CATALOGACIÓN
Agencia que crea de manera original el registro BPMSU
Idioma de catalogación spa
Agencia que realiza la transcripción BPMSU
092 ## - LOCALLY ASSIGNED DEWEY DECIMAL CALL NUMBER
Número de clasificación xxxxx
Número de ítem (Cutter) xxxxx
100 ## - ASIENTO PRINCIPAL -- NOMBRE PERSONAL
Nombre personal Lowry, Lois
245 10 - MENCIÓN DE TITULO
Título Number the stars /
Mención de responsabilidad Lois Lowry.
260 ## - PUBLICACIÓN, DISTRIBUCIÓN, ETC. (PIE DE IMPRENTA)
Lugar de publicación, distribución, etc New York :
Fecha de publicación, distribución, etc 1989.
942 ## - ADDED ENTRY ELEMENTS (KOHA)
Source of classification or shelving scheme Dewey Decimal Classification
Koha item type Libros
956 ## - LOCAL ELECTRONIC LOCATION AND ACCESS (OCLC)
Método de acceso LOPEREZ
Materiales especificados 10
Enlace 20160616
Campo enlazado y núm. de secuencia BPMSU
Nombre de host 00041

No hay ítems disponibles.